Statystyki dla Miasta Europy - Quiz na mapie

Kliknij tutaj aby rozwiązać quiz!

Ogólne statystyki

  • Ten quiz został rozwiązany 30 346 razy
  • Średni wynik to 27 z 36

Odpowiedzi na mapie

Odpowiedzi skodowane kolorowo w zielono-czerwonej skali na mapie do tego quizu, zgodnie z poniższymi procentami.
 

Statystyki odpowiedzi

Odpowiedź% Poprawnych
Londyn
87%
Lizbona
85%
Dublin
84%
Warszawa
84%
Paryż
83%
Reykjavik
83%
Berlin
82%
Kijow
82%
Moskwa
82%
Madryt
81%
Ateny
80%
Amsterdam
79%
Barcelona
79%
Praga
79%
Rzym
78%
Helsinki
77%
Kopenhaga
77%
Oslo
77%
Sztokholm
75%
Wiedeń
75%
Petersburg
74%
Monachium
73%
Bruksela
72%
Manchester
72%
Budapeszt
70%
Düsseldorf
70%
Marsylia
70%
Sarajewo
68%
Bukareszt
66%
Mediolan
66%
Edynburg
64%
Sewilla
64%
Neapol
63%
Palermo
60%
Belgrad
59%
Genewa
58%

Rozkład punktacji

Percentyl według liczby udzielonych odpowiedzi

Procent ludzi z każdym wynikiem

Twoja historia wyników

Nie rozwiązałeś tego quizu